Famous Americans by Picture - Statistics

General Stats
  • This quiz has been taken 167 times
  • The average score is 9 of 16
Answer Stats
Picture Answer % Correct
Abraham Lincoln
99%
Michael Jackson
97%
Elvis Presley
93%
Johnny Depp
92%
Marilyn Monroe
88%
Morgan Freeman
85%
Benjamin Franklin
81%
Louis Armstrong
78%
Mark Twain
49%
Harriet Tubman
46%
Edgar Allan Poe
45%
Neil deGrasse Tyson
44%
Winona Ryder
31%
Samuel Colt
3%
Samuel Morse
1%
John Harvey Kellogg
0%
No matching quizzes found
Score Distribution
Percent of People with Each Score
Percentile by Number Answered
Your Score History
You have not taken this quiz